Political theory and public policy

Αποθηκεύτηκε σε:
Λεπτομέρειες βιβλιογραφικής εγγραφής
Κύριος συγγραφέας: Goodin, Robert E.
Μορφή: Βιβλίο
Γλώσσα:English
Δημοσίευση: Chicago : University of Chicago Press, 1982
Σειρά:Political science
Θέματα:
Ετικέτες: Προσθήκη ετικέτας
Δεν υπάρχουν, Καταχωρήστε ετικέτα πρώτοι!

MARC

LEADER 00000nam a2200000 i 4500
001 1/7065
008 960723s1982 eng d
020 |a 0-226-30296-2 
035 |l 10016574 
040 |a GR-MY-UA  |b gre  |e aacr 
041 0 |a eng 
082 0 |a 361.61 
100 1 |a Goodin, Robert E. 
245 1 0 |a Political theory and public policy /  |c Robert E. Goodin 
260 |a Chicago :   |b University of Chicago Press,   |c 1982 
300 |a 286 p. 
490 1 |a Political science 
504 |a Includes index 
650 0 0 |a Policy sciences. 
650 0 0 |a Political ethics. 
650 0 0 |a Social values. 
830 0 |a Political science 
852 |a INST  |b LESVOS  |e 19960723  |h 361.61 GOO  |p 005100004070  |q 005100004070  |t BK  |y 4  |x 20021129 
909 |a Λ  |b 020111